00660 2200253 4500001002100000005001700021008004100038020001800079035002400097082001200121090002200133100001700155245007200172250001100244260003500255300002400290650001000314700001500324700001900339850001200358980001500370985000600385999001500391YOGYA-0209000005066820090227032546.0 ind  a979-426-018-5 0010-020900000050668 a796.342 a796.342bVis TlT aVISBEEN, Jon aTeniscJon Visbeen; penerjemah : L. Lanjang; editor : Tjun Surjaman aCet. 1 aJakartabRosda Jayaputrac1987 a80 hlmbilusc21 cm aTenis aLANJANG, L aSURJAMAN, Tjun aYOPDYOG a02-01-2008 a1 a96P0079044